Catálogo Biblioteca Central

Cultura política, exclusión y violencia en el republicanismo radical-socialista en España, 1929-1933 (Registro nro. 179449)

Detalles MARC
000 -CABECERA
campo de control de longitud fija 00846naa a2200253 4500
001 - NÚMERO DE CONTROL
campo de control 179449
003 - IDENTIFICADOR DEL NÚMERO DE CONTROL
campo de control ES-MaBCM
005 - FECHA Y HORA DE LA ÚLTIMA TRANSACCIÓN
campo de control 20241016192436.0
008 - CÓDIGOS DE INFORMACIÓN DE LONGITUD FIJA
campo de control de longitud fija 100917s2010 esp|r0p 0 ||spa d
021 ## -
-- xx
035 ## - NÚMERO DE CONTROL DEL SISTEMA
Número de control de sistema (OCoLC)820549974
040 ## - FUENTE DE LA CATALOGACIÓN
Centro transcriptor ES-MaBCM
100 1# - PUNTO DE ACCESO PRINCIPAL - NOMBRE DE PERSONA
Nombre de persona Álvarez Tardío, Manuel
9 (RLIN) 1422
245 10 - MENCIÓN DE TÍTULO
Título Cultura política, exclusión y violencia en el republicanismo radical-socialista en España, 1929-1933
Mención de responsabilidad etc. Manuel Álvarez Tardío
520 3# - SUMARIO, ETC.
Sumario etc. Contiene bibliografía
650 27 - PUNTO DE ACCESO ADICIONAL DE MATERIA--TÉRMINO DE MATERIA
Término de materia o nombre geográfico como elemento inicial Democracia
9 (RLIN) 58263
650 27 - PUNTO DE ACCESO ADICIONAL DE MATERIA--TÉRMINO DE MATERIA
Término de materia o nombre geográfico como elemento inicial Partido republicano
9 (RLIN) 59723
650 27 - PUNTO DE ACCESO ADICIONAL DE MATERIA--TÉRMINO DE MATERIA
Término de materia o nombre geográfico como elemento inicial Partido radical
9 (RLIN) 59722
650 27 - PUNTO DE ACCESO ADICIONAL DE MATERIA--TÉRMINO DE MATERIA
Término de materia o nombre geográfico como elemento inicial Socialismo
9 (RLIN) 60295
650 27 - PUNTO DE ACCESO ADICIONAL DE MATERIA--TÉRMINO DE MATERIA
Término de materia o nombre geográfico como elemento inicial Violencia política
9 (RLIN) 60626
651 24 - PUNTO DE ACCESO ADICIONAL DE MATERIA--NOMBRE GEOGRÁFICO
Nombre geográfico España
9 (RLIN) 115342
773 0# - ENLACE AL DOCUMENTO FUENTE
Encabezamiento principal En:
Título Revista de estudios políticos
Lugar editor y fecha de publicación Madrid
Parte(s) relacionada(s) N. 148 (abr.-jun. 2010), p. 11-43
Número de control del registro relacionado 104532
942 ## - ELEMENTOS DE PUNTO DE ACCESO ADICIONAL (KOHA)
Tipo de ítem Koha Artículos de revistas
Existencias
Estado de retiro Estado de pérdida Estado dañado No para préstamo Localización permanente Ubicación/localización actual Fecha de adquisición Precio válido a partir de Tipo de ítem Koha
        Biblioteca Central del Ministerio de la Presidencia Biblioteca Central del Ministerio de la Presidencia 21/04/2012 21/04/2012 Artículos de revistas